Concreto reforzado con fibras de polipropileno

Պահպանված է:
Մատենագիտական մանրամասներ
Հիմնական հեղինակ: Koss Lipiec, Ivan
Ձևաչափ: Գիրք
Հրապարակվել է: San José, C.R. 2001
Խորագրեր:
Ցուցիչներ: Ավելացրեք ցուցիչ
Չկան պիտակներ, Եղեք առաջինը, ով նշում է այս գրառումը!

MARC

LEADER 00000nam a2200000Ia 4500
003 008780
005 20221231144201.0
008 140114s2001 cr a m 000 ||s d
040 |c cru CEDI 
090 |a TFG 4346 
100 |a Koss Lipiec, Ivan  |9 7723 
245 |a Concreto reforzado con fibras de polipropileno  
260 |c 2001  |a  San José, C.R. 
300 |a ix, 109 hojas : ilustraciones (algunas a color)  
500 |a  Proyecto de graduación (licenciatura en ingeniería civil)--Universidad de Costa Rica. Facultad de Ingeniería. Escuela de Ingeniería Civil 
650 |x HORMIGON   |x  MEZCLAS   |x ROPIEDADES   |x MATERIALES PARA CARRETERAS  |9 7724 
942 |c TFG 
999 |c 18092  |d 18092